[Event "CAN-ch U10"]
[Site "Quebec"]
[Date "2018.07.04"]
[Round "6.129"]
[White "Huang, Ivan"]
[Black "Lin, Brenton"]
[Result "0-1"]
[WhiteElo "696"]
[BlackElo "822"]
[PlyCount "34"]
[EventDate "2018.07.02"]
[EventType "swiss"]
[EventRounds "7"]
[EventCountry "CAN"]
[SourceTitle "EXT 2022"]
[Source "ChessBase"]
[SourceDate "2021.10.06"]
[SourceVersion "1"]
[SourceVersionDate "2021.10.06"]
[SourceQuality "1"]

1. d4 Nf6 2. c4 g6 3. Nc3 Bg7 4. Nf3 0-0 5. Bf4 Nc6 6. e3 d6 7. h3 Re8 8. Bd3 e5 9. dxe5 dxe5 10. Bg3 e4 11. Be2 exf3 12. Bxf3 Qe7 13. 0-0 a6 14. Qe2 Bf5 15. Rad1 Rad8 16. a3 Ne4 17. Nxe4 Bxe4 0-1